000
00335nam a2200145Ia 4500
008
230718s9999 xx 000 0 und d
041
_a
Eng.
082
_a
964.91
_b
DR.-Y
100
_a
Dr. Khalil
245
0
_a
Yha ha Mara Pakistan
260
_a
Pakistan
_b
Jamhori Publications
_c
2015
300
_a
162
650
_a
Law
999
_c
31564
_d
31564